[Event "FIDE World Championship"]
[Site "Las Vegas USA"]
[Date "1999.08.01"]
[Round "1.2"]
[White "Kotsur, Pavel"]
[Black "Dolmatov, Sergei"]
[Result "0-1"]
[WhiteElo "2511"]
[BlackElo "2589"]
[EventDate "1999.07.31"]
[PlyCount "116"]

1.e4 c5 2.Nf3 e6 3.d4 cxd4 4.Nxd4 Nf6 5.Nc3 d6 6.g3 Be7 7.Bg2 O-O 8.O-O a6
9.a4 Qc7 10.h3 Nc6 11.Nde2 Rb8 12.g4 b5 13.axb5 axb5 14.Ng3 b4 15.Nce2 Rd8
16.Nf4 Bb7 17.Bd2 Ba8 18.Re1 Nd7 19.Be3 Bh4 20.Nd3 Bxg3 21.fxg3 e5 22.b3 
Nf8 23.Nb2 Ne6 24.Nc4 Ncd4 25.Qd2 d5 26.exd5 Bxd5 27.Bxd5 Rxd5 28.Qg2 Rbd8
29.Ra4 e4 30.Bxd4 Rxd4 31.h4 Qc6 32.Raa1 h6 33.Kh2 Nc5 34.Qe2 Nd7 35.Rad1 
Nf6 36.Rxd4 Rxd4 37.Rd1 Qd7 38.Rxd4 Qxd4 39.Kg2 Nd5 40.Qd2 Qc5 41.Kf1 Qc6 
42.Qd4 Qe6 43.Qe5 Qxe5 44.Nxe5 f6 45.Nc4 Kf7 46.Nd6+ Ke6 47.Nxe4 Ke5 48.
Nc5 Kd4 49.Ne6+ Kc3 50.Nxg7 Kxc2 51.g5 fxg5 52.hxg5 hxg5 53.Ne6 g4 54.Ke2 
Kxb3 55.Kd3 Ka2 56.Nd4 b3 57.Nxb3 Kxb3 58.Kd4 Kc2 0-1

[Event "FIDE World Championship"]
[Site "Las Vegas USA"]
[Date "1999.08.02"]
[Round "1.3"]
[White "Dolmatov, Sergei"]
[Black "Kotsur, Pavel"]
[Result "1-0"]
[WhiteElo "2589"]
[BlackElo "2511"]
[EventDate "1999.07.31"]
[PlyCount "81"]

1.e4 g6 2.d4 Bg7 3.Nc3 c6 4.f4 d5 5.e5 h5 6.Nf3 Nh6 7.Be3 Bg4 8.Be2 Nd7 9.
Qd2 Nf5 10.Bf2 Qa5 11.g3 Nb6 12.b3 e6 13.h3 Bxf3 14.Bxf3 Bf8 15.Ne2 Qxd2+ 
16.Kxd2 Be7 17.g4 Ng7 18.Ng3 O-O-O 19.gxh5 gxh5 20.Rag1 Nd7 21.Be2 Nf8 22.
Bd3 f5 23.Nf1 Rh7 24.Nh2 Kd7 25.Nf3 Ke8 26.Rg2 Kf7 27.Rhg1 Nd7 28.Ng5+ 
Bxg5 29.Rxg5 Rdh8 30.c4 Ne8 31.cxd5 cxd5 32.Rc1 Nb6 33.Bh4 Rg8 34.a4 Rxg5 
35.Bxg5 Kf8 36.a5 Na8 37.Rc8 Nc7 38.Rb8 Na6 39.Ra8 Nb4 40.Bb5 Nc6 41.a6 
1-0

[Event "FIDE World Championship"]
[Site "Las Vegas USA"]
[Date "1999.07.31"]
[Round "1.1"]
[White "Dreev, Alexei"]
[Black "Zelcic, Robert"]
[Result "1/2-1/2"]
[WhiteElo "2679"]
[BlackElo "2554"]
[EventDate "1999.07.31"]
[PlyCount "133"]

1.d4 Nf6 2.c4 e6 3.Nf3 Bb4+ 4.Bd2 Qe7 5.g3 Bxd2+ 6.Qxd2 d6 7.Nc3 O-O 8.Bg2
e5 9.O-O Bg4 10.h3 Bxf3 11.Bxf3 exd4 12.Qxd4 Nc6 13.Qf4 Qe5 14.Rad1 Qxf4 
15.gxf4 h6 16.Kh2 Rfe8 17.e3 Kf8 18.Rc1 Rac8 19.Rfd1 Nd8 20.h4 g6 21.Kg2 
Ke7 22.Rc2 Rg8 23.Kf1 g5 24.hxg5 hxg5 25.Ne2 gxf4 26.Nxf4 c6 27.Rcd2 Ne8 
28.Nh5 Rg5 29.Ng3 Ra5 30.a3 Ne6 31.Bg4 Rc5 32.b3 Rg5 33.Bh3 Ra5 34.a4 b5 
35.cxb5 cxb5 36.Rd5 Rc5 37.Nf5+ Kf8 38.b4 Rxd5 39.Rxd5 Rxa4 40.Rxb5 Ra1+ 
41.Kg2 Ra6 42.Kg3 Rb6 43.Rxb6 axb6 44.e4 N6c7 45.Bf1 d5 46.e5 f6 47.f4 Ng7
48.Nd6 fxe5 49.fxe5 Ke7 50.Bh3 b5 51.Nc8+ Kf7 52.Na7 Kg6 53.Kf4 Nce6+ 54.
Kg4 Nc7 55.Bf1 Na6 56.Nc6 Nc7 57.Kf4 Nge6+ 58.Ke3 Kf7 59.Bg2 Ke8 60.Bh3 
Kf7 61.Bf5 Ke8 62.Bg4 Kf7 63.Bf5 Ke8 64.Nd4 Nxd4 65.Kxd4 Na6 66.Kxd5 Ke7 
67.Kc6 1/2-1/2

[Event "FIDE World Championship"]
[Site "Las Vegas USA"]
[Date "1999.08.01"]
[Round "1.2"]
[White "Dizdar, Goran"]
[Black "Liang Chong"]
[Result "1-0"]
[WhiteElo "2563"]
[BlackElo "2400"]
[EventDate "1999.07.31"]
[PlyCount "137"]

1.d4 Nf6 2.Nf3 e6 3.c4 Bb4+ 4.Nbd2 b6 5.g3 Bb7 6.Bg2 O-O 7.O-O Bxd2 8.Qxd2
a5 9.b3 d6 10.Bb2 Nbd7 11.Rac1 Qe7 12.d5 e5 13.Ne1 Rae8 14.Nc2 Bc8 15.e4 
Nc5 16.f3 Nh5 17.Ne3 Qg5 18.Rcd1 Bd7 19.Rf2 h6 20.Qc3 Re7 21.Re1 Rfe8 22.
Bf1 f5 23.exf5 Bxf5 24.Bc1 Qg6 25.Nxf5 Qxf5 26.Qc2 Qxc2 27.Rxc2 Nf6 28.Be3
e4 29.f4 Nd3 30.Rb1 Nd7 31.Bh3 N7c5 32.Re2 Ra8 33.a3 Kh8 34.Bd4 Rae8 35.
Be3 Nd7 36.Bd4 Nf8 37.Bf5 Kg8 38.Re3 g6 39.Bg4 Kh7 40.Be2 Nd7 41.Bd1 Kg8 
42.Bg4 Nf8 43.Rf1 Rf7 44.Be2 Nc5 45.b4 axb4 46.axb4 Ncd7 47.Ra1 Nf6 48.
Rea3 N8h7 49.Ra8 Re7 50.Rxe8+ Nxe8 51.Ra8 Kf7 52.Bg4 Ng7 53.Rh8 Nf6 54.Bh3
h5 55.Kf2 Ng4+ 56.Bxg4 hxg4 57.Rh7 Kg8 58.Rxg7+ Rxg7 59.Bxg7 Kxg7 60.Ke3 
Kf6 61.Kxe4 Kf7 62.b5 Kf6 63.Kd3 Kf5 64.Ke3 Kf6 65.Kf2 Kf5 66.Kg2 Ke4 67.
h3 Kd4 68.h4 Ke4 69.Kf2 1-0

[Event "FIDE World Championship"]
[Site "Las Vegas USA"]
[Date "1999.08.02"]
[Round "1.3"]
[White "Babula, Vlastimil"]
[Black "Shaked, Tal"]
[Result "1/2-1/2"]
[WhiteElo "2565"]
[BlackElo "2477"]
[EventDate "1999.07.31"]
[PlyCount "76"]

1.d4 Nf6 2.c4 e6 3.Nc3 Bb4 4.e3 c5 5.Ne2 cxd4 6.exd4 O-O 7.a3 Be7 8.Nf4 d5
9.cxd5 Nxd5 10.Ncxd5 exd5 11.Bd3 Nc6 12.O-O Bf6 13.Be3 g6 14.Rc1 Qd6 15.
Rc5 Be6 16.Nxe6 Qxe6 17.Qa4 a6 18.Rfc1 b5 19.Qd1 Na5 20.b4 Nc4 21.Bxc4 
bxc4 22.Qa4 Rfc8 23.h3 Be7 24.Qd1 Bxc5 25.dxc5 Re8 26.Rc2 Rad8 27.Rd2 c3 
28.Rd4 Qf5 29.g4 Qf6 30.Kg2 Re4 31.Rxd5 Rde8 32.Rd6 Qe7 33.Qd3 Qe5 34.c6 
c2 35.Rd5 Rxe3 36.Rxe5 Rxd3 37.Rxe8+ Kg7 38.c7 c1=Q 1/2-1/2

[Event "FIDE World Championship"]
[Site "Las Vegas USA"]
[Date "1999.07.31"]
[Round "1.1"]
[White "Antonio, Rogelio jr"]
[Black "Kozak, Alexander"]
[Result "1-0"]
[WhiteElo "2558"]
[BlackElo "2330"]
[EventDate "1999.07.31"]
[PlyCount "83"]

1.e4 c5 2.Nc3 Nc6 3.f4 g6 4.Nf3 Bg7 5.Bb5 d6 6.Bxc6+ bxc6 7.d3 Nf6 8.O-O 
O-O 9.Qe1 Rb8 10.Kh1 Ne8 11.Qh4 f5 12.e5 Nc7 13.b3 Ne6 14.Ne2 Rf7 15.Be3 
Qc7 16.d4 Ba6 17.c4 d5 18.Rfc1 dxc4 19.bxc4 Rb2 20.d5 cxd5 21.cxd5 Bxe2 
22.dxe6 Rf8 23.Bd4 Rb5 24.a4 Ra5 25.Nd2 Qb6 26.Bc3 Ra6 27.Qxe7 Qxe6 28.
Qxc5 Rd8 29.Qf2 Bd3 30.Bd4 Qd7 31.Be3 Rxa4 32.Rxa4 Qxa4 33.Bxa7 g5 34.Be3 
gxf4 35.Bxf4 Re8 36.Qg3 Qa6 37.h3 Re6 38.Qg5 h6 39.Qd8+ Kh7 40.Rc8 Be4 41.
Qg8+ Kg6 42.Rc7 1-0

[Event "FIDE World Championship"]
[Site "Las Vegas USA"]
[Date "1999.08.02"]
[Round "1.4"]
[White "Asrian, Karen"]
[Black "Rodriguez Vila, Andres"]
[Result "1/2-1/2"]
[WhiteElo "2576"]
[BlackElo "2500"]
[EventDate "1999.07.31"]
[PlyCount "128"]

1.e4 c5 2.Nf3 d6 3.d4 cxd4 4.Nxd4 Nf6 5.Nc3 g6 6.Be2 Bg7 7.O-O O-O 8.Be3 
Nc6 9.Nb3 a5 10.a4 Be6 11.f4 Qc8 12.Kh1 Nb4 13.Bf3 Ng4 14.Bg1 h5 15.Nd4 
Bc4 16.Re1 e5 17.Ndb5 Rd8 18.h3 Nf6 19.Nxd6 Rxd6 20.Qxd6 Nxc2 21.fxe5 Ne8 
22.Qd2 Nxa1 23.Rxa1 Bxe5 24.Nd5 Bxd5 25.exd5 Nd6 26.Qe2 Qf5 27.Re1 Re8 28.
Qd2 Kh7 29.Bc5 Nc4 30.Qe2 Qf4 31.Bg1 Nd6 32.Qe3 Qb4 33.Qf2 Nf5 34.Rxe5 
Rxe5 35.g4 Nd6 36.gxh5 gxh5 37.Qc2+ Nf5 38.Bh2 Qe1+ 39.Kg2 Kg8 40.Qc8+ Kh7
41.Qc2 Kg7 42.Bxe5+ Qxe5 43.Qc3 Nd4 44.h4 Qf4 45.Bxh5 Kh6 46.Bd1 Qe4+ 47.
Bf3 Qxh4 48.Qe3+ Kg7 49.d6 Ne6 50.d7 Qd8 51.Qe5+ Kg8 52.Qg3+ Ng7 53.Bg4 
Qg5 54.Qb8+ Kh7 55.d8=Q Qxg4+ 56.Kf1 Qf5+ 57.Ke1 Qe4+ 58.Kd1 Qxa4+ 59.Ke1 
Qe4+ 60.Kd1 Qb1+ 61.Kd2 Qxb2+ 62.Kd1 Qb1+ 63.Kd2 Qb2+ 64.Kd1 Qb1+ 1/2-1/2

[Event "FIDE World Championship"]
[Site "Las Vegas USA"]
[Date "1999.08.02"]
[Round "1.5"]
[White "Barua, Dibyendu"]
[Black "Khalifman, Alexander"]
[Result "1/2-1/2"]
[WhiteElo "2538"]
[BlackElo "2616"]
[EventDate "1999.07.31"]
[PlyCount "98"]

1.e4 c5 2.Nf3 d6 3.d4 cxd4 4.Nxd4 Nf6 5.Nc3 Nc6 6.Be2 e5 7.Nf3 h6 8.O-O 
Be7 9.h3 O-O 10.Re1 Be6 11.Bf1 Qa5 12.Bd2 Qd8 13.Bc1 Qa5 14.Bd2 Qd8 15.Na4
Nh7 16.c4 Ng5 17.Nc3 Nxf3+ 18.Qxf3 Bg5 19.Rad1 Nd4 20.Qd3 Rc8 21.b3 Bxd2 
22.Rxd2 Qg5 23.Red1 Rfd8 24.Qe3 Qe7 25.f4 Bd7 26.Nd5 Qf8 27.Qg3 exf4 28.
Nxf4 Ne6 29.Rxd6 Nxf4 30.Qxf4 Bc6 31.e5 Re8 32.Bd3 Qe7 33.Bf5 Ra8 34.e6 
fxe6 35.Bxe6+ Qxe6 36.Rxe6 Rxe6 37.Rd6 Re1+ 38.Kh2 Rf8 39.Qd2 Rff1 40.Rxc6
bxc6 41.Qd7 h5 42.h4 Re4 43.Qd8+ Kh7 44.Qg5 g6 45.Qd8 Rff4 46.Qd7+ Kh6 47.
Qd2 Kh7 48.Qd7+ Kh6 49.Qd2 Kh7 1/2-1/2

[Event "FIDE World Championship"]
[Site "Las Vegas USA"]
[Date "1999.08.02"]
[Round "1.3"]
[White "Macieja, Bartlomiej"]
[Black "Milov, Vadim"]
[Result "1-0"]
[WhiteElo "2553"]
[BlackElo "2626"]
[EventDate "1999.07.31"]
[PlyCount "99"]

1.e4 c5 2.Nf3 e6 3.d4 cxd4 4.Nxd4 Nc6 5.Nc3 Qc7 6.Be3 Nf6 7.Bd3 Bb4 8.O-O 
O-O 9.Ndb5 Qd8 10.a3 Bxc3 11.Nxc3 d5 12.Bg5 d4 13.Ne2 h6 14.Bh4 g5 15.Bg3 
e5 16.c3 dxc3 17.Nxc3 Be6 18.Bb5 Qxd1 19.Rfxd1 Nd7 20.Nd5 Bxd5 21.exd5 
Ncb8 22.Rac1 a6 23.Bf1 f5 24.f3 b5 25.d6 Kf7 26.a4 f4 27.Bf2 Nf6 28.axb5 
axb5 29.Bxb5 Nbd7 30.Rc7 Ke6 31.g4 fxg3 32.hxg3 Rfc8 33.Bc4+ Kf5 34.Bd3+ 
Ke6 35.Bc4+ Kf5 36.Bd3+ Ke6 37.g4 Kf7 38.Bf5 Ke8 39.b4 Rcb8 40.Bc5 Ra2 41.
Rb1 Kd8 42.b5 Ra5 43.Bd3 Nd5 44.Rc6 Nc3 45.Bb4 Raxb5 46.Bxb5 Nxb5 47.Ba5+ 
Ke8 48.Rc2 Nd4 49.Rxb8+ Nxb8 50.Rc8+ 1-0

[Event "FIDE World Championship"]
[Site "Las Vegas USA"]
[Date "1999.08.02"]
[Round "1.4"]
[White "Milov, Vadim"]
[Black "Macieja, Bartlomiej"]
[Result "1/2-1/2"]
[WhiteElo "2626"]
[BlackElo "2553"]
[EventDate "1999.07.31"]
[PlyCount "87"]

1.c4 c5 2.Nf3 Nc6 3.d4 cxd4 4.Nxd4 e6 5.g3 Qb6 6.Nb3 Ne5 7.e4 Nf6 8.Qe2 d6
9.Bg2 Qc7 10.Na3 a6 11.O-O Be7 12.Be3 O-O 13.Rac1 Nc6 14.Nb1 Nd7 15.Bf4 b6
16.Nc3 Nce5 17.Nd4 Bb7 18.b3 Rac8 19.Be3 Qb8 20.Rfd1 Rfd8 21.f4 Nc6 22.Nf3
Nc5 23.Bf2 Na7 24.Nd4 Nc6 25.Nf3 Na7 26.Nd4 Nc6 27.Nxc6 Bxc6 28.Nd5 Bf8 
29.Nb4 Bb7 30.Nd3 Qa8 31.Nxc5 dxc5 32.Bf3 Be7 33.Kg2 h6 34.e5 Rxd1 35.Rxd1
Bxf3+ 36.Qxf3 Qxf3+ 37.Kxf3 Rd8 38.Rxd8+ Bxd8 39.Ke4 h5 40.f5 g6 41.f6 Kf8
42.a3 Ke8 43.Be1 Kd7 44.Bc3 1/2-1/2

[Event "FIDE World Championship"]
[Site "Las Vegas USA"]
[Date "1999.08.04"]
[Round "2.2"]
[White "Aronian, Levon"]
[Black "Timman, Jan"]
[Result "1/2-1/2"]
[WhiteElo "2502"]
[BlackElo "2670"]
[EventDate "1999.07.31"]
[PlyCount "97"]

1.Nf3 Nf6 2.g3 c5 3.Bg2 Nc6 4.O-O e5 5.c4 d5 6.cxd5 Nxd5 7.Nc3 Be6 8.Ng5 
Qxg5 9.Nxd5 Qd8 10.Ne3 Qd7 11.d3 Be7 12.Qa4 Rc8 13.Bd2 b6 14.f4 exf4 15.
gxf4 f5 16.Kh1 Bf6 17.Bc3 Nd4 18.Qd1 O-O 19.Nc2 Rfd8 20.Ne1 Qe7 21.e3 Nc6 
22.Qf3 Bxc3 23.bxc3 Qf6 24.d4 cxd4 25.cxd4 Nb4 26.Qf2 Bd5 27.Bxd5+ Nxd5 
28.Nf3 Qc6 29.Rg1 Re8 30.Qg2 Qf6 31.Ne5 Nxe3 32.Qb7 Ng4 33.Rac1 Rb8 34.
Qxa7 Ra8 35.Qb7 Nf2+ 36.Kg2 Ne4 37.Kh1 Nf2+ 38.Kg2 Ne4 39.Kf1 Rab8 40.Qd5+
Qe6 41.Qxe6+ Rxe6 42.Rg2 Nf6 43.Rgc2 Rd8 44.Rc8 Ree8 45.Rxd8 Rxd8 46.Nc6 
Ra8 47.Nb4 Rd8 48.Nc6 Ra8 49.Rc2 1/2-1/2

[Event "FIDE World Championship"]
[Site "Las Vegas USA"]
[Date "1999.08.03"]
[Round "2.1"]
[White "Ehlvest, Jaan"]
[Black "Bareev, Evgeny"]
[Result "1/2-1/2"]
[WhiteElo "2593"]
[BlackElo "2679"]
[EventDate "1999.07.31"]
[PlyCount "155"]

1.Nf3 d5 2.c4 c6 3.e3 Nf6 4.Nc3 a6 5.b3 Bg4 6.Be2 e6 7.O-O Nbd7 8.Bb2 Bd6 
9.h3 Bh5 10.Rc1 Qe7 11.d4 O-O 12.Nd2 Bg6 13.Re1 b5 14.c5 Bc7 15.Bf3 Ba5 
16.a3 Bxc3 17.Bxc3 Ne4 18.Ba5 Nxd2 19.Qxd2 f5 20.Bd1 Nf6 21.f3 h6 22.Qf2 
Nh5 23.Bc2 Bh7 24.a4 g5 25.g4 Ng7 26.Qg3 f4 27.Bxh7+ Kxh7 28.Qf2 fxe3 29.
Qxe3 Qf6 30.Kg2 Rf7 31.Qd3+ Qg6 32.Qxg6+ Kxg6 33.Bd2 Raf8 34.Rc3 bxa4 35.
b4 Rb7 36.Ra3 a5 37.Rxa4 axb4 38.Rxb4 Rxb4 39.Bxb4 Ra8 40.Kf2 Ra4 41.Bc3 
Ra3 42.Bb4 Ra4 43.Bc3 Rc4 44.Bb2 Kf7 45.Re3 e5 46.Rxe5 Ne6 47.Ke1 Rb4 48.
Bc3 Rb1+ 49.Kd2 Rh1 50.Re2 Nf4 51.Rf2 Nxh3 52.Re2 Nf4 53.Rf2 Kf6 54.Kc2 
Ne6 55.Kd3 Rh3 56.Bd2 h5 57.gxh5 Rxh5 58.Be3 Rh3 59.Ke2 Kf5 60.Kd2 Rh1 61.
Rg2 Rh4 62.Rg3 Nf4 63.Bg1 Rh8 64.Rg4 Ra8 65.Be3 Ra2+ 66.Kd1 Ra1+ 67.Kd2 
Ra2+ 68.Kd1 Rg2 69.Rxg2 Nxg2 70.Bc1 g4 71.fxg4+ Kxg4 72.Ke2 Nh4 73.Kd3 Kf3
74.Bg5 Ng6 75.Bf6 Nf8 76.Kc3 Ke4 77.Kb4 Ne6 78.Ka5 1/2-1/2

[Event "FIDE World Championship"]
[Site "Las Vegas USA"]
[Date "1999.08.05"]
[Round "2.4"]
[White "Shirov, Alexei"]
[Black "Sokolov, Ivan"]
[Result "1-0"]
[WhiteElo "2726"]
[BlackElo "2624"]
[EventDate "1999.07.31"]
[PlyCount "105"]

1.e4 e5 2.Nf3 Nc6 3.Bb5 Bc5 4.O-O d6 5.d4 exd4 6.Nxd4 Ne7 7.Bg5 f6 8.Be3 
Bxd4 9.Qxd4 a6 10.Bxc6+ Nxc6 11.Qc4 Qe7 12.Nc3 Be6 13.Nd5 Bxd5 14.exd5 Ne5
15.Qb3 O-O 16.Rfe1 Qd7 17.f4 Ng6 18.Bd2 Qb5 19.c4 Qxb3 20.axb3 Rfe8 21.Kf2
Kf7 22.g3 Rxe1 23.Bxe1 Ke7 24.Kf3 Kd7 25.g4 Rh8 26.Bc3 h6 27.Rh1 Ne7 28.
Rg1 Ke8 29.h3 Kf7 30.f5 Nc8 31.Bd4 a5 32.Bc3 b6 33.b4 axb4 34.Bxb4 Ne7 35.
Ra1 h5 36.Ra7 hxg4+ 37.hxg4 Rc8 38.Bc3 Ke8 39.Bd4 Kf8 40.Ke4 Kf7 41.b4 Ke8
42.Be3 Kf7 43.c5 bxc5 44.bxc5 dxc5 45.Bxc5 g6 46.d6 gxf5+ 47.gxf5 cxd6 48.
Bxd6 Re8 49.Kd4 Kf8 50.Rxe7 Rxe7 51.Kd5 Kf7 52.Bxe7 Kxe7 53.Kc6 1-0

[Event "FIDE World Championship"]
[Site "Las Vegas USA"]
[Date "1999.08.06"]
[Round "3.1"]
[White "Kortschnoj, Viktor"]
[Black "Kramnik, Vladimir"]
[Result "1/2-1/2"]
[WhiteElo "2673"]
[BlackElo "2751"]
[EventDate "1999.07.31"]
[PlyCount "47"]

1.c4 c5 2.Nf3 Nf6 3.d4 cxd4 4.Nxd4 e6 5.g3 Bb4+ 6.Bd2 Be7 7.Bg2 Nc6 8.Bc3 
O-O 9.O-O d5 10.cxd5 Nxd5 11.Nxc6 bxc6 12.Bd4 Qa5 13.Nc3 Rd8 14.Qc1 Ba6 
15.Rd1 Rac8 16.Qc2 Bf8 17.a3 c5 18.Be5 Nxc3 19.Bxc3 Qb5 20.Bf3 Bb7 21.Bxb7
Qxb7 22.Qa4 a6 23.Qc4 Qb5 24.Qf4 1/2-1/2

[Event "FIDE World Championship"]
[Site "Las Vegas USA"]
[Date "1999.08.07"]
[Round "3.2"]
[White "Zviagintsev, Vadim"]
[Black "Krasenkow, Michal"]
[Result "1/2-1/2"]
[WhiteElo "2658"]
[BlackElo "2643"]
[EventDate "1999.07.31"]
[PlyCount "78"]

1.d4 Nf6 2.Nf3 d6 3.c4 Nbd7 4.Nc3 e5 5.e4 Be7 6.Be2 O-O 7.O-O c6 8.Qc2 a6 
9.Rb1 b5 10.dxe5 Nxe5 11.cxb5 axb5 12.a3 Nxf3+ 13.Bxf3 Bb7 14.Bg5 Nd7 15.
Bxe7 Qxe7 16.Rbd1 Nc5 17.Ne2 g6 18.Nd4 Qe5 19.b4 Rxa3 20.bxc5 dxc5 21.Qc1 
b4 22.Nc2 Ra2 23.Ne3 Ba6 24.Rfe1 h5 25.Nc4 Qe6 26.Nb6 c4 27.e5 Kg7 28.Nd7 
Ra8 29.Nc5 Qe7 30.Nxa6 c3 31.Nxb4 Qxb4 32.Qe3 c2 33.Rc1 R8a3 34.Qe2 Qc3 
35.Be4 Qxe5 36.Bxc2 Qc5 37.Qd1 Rc3 38.Re2 Rb3 39.Re1 Rba3 1/2-1/2